Bayer 04 Leverkusen Squad 2024-2025 - Statistics

General Stats
  • This quiz has been taken 362 times
    197 since last reset
  • The average score is 22 of 28
Answer Stats
# Position Nation Player % Correct
20 DF Spain Alejandro Grimaldo
98%
10 MF Germany Florian Wirtz
98%
4 DF Germany Jonathan Tah
98%
1 GK Finland Lukáš Hrádecký
98%
3 DF Ecuador Piero Hincapié
98%
34 MF Switzerland Granit Xhaka
97%
14 FW Czech Republic Patrik Schick
97%
22 FW Nigeria Victor Boniface
95%
- Coach Spain Xabi Alonso
95%
12 DF Burkina Faso Edmond Tapsoba
94%
25 MF Argentina Exequiel Palacios
94%
30 DF Netherlands Jeremie Frimpong
94%
8 MF Germany Robert Andrich
94%
24 MF Spain Aleix García
87%
21 FW Morocco Amine Adli
87%
7 MF Germany Jonas Hofmann
87%
19 FW Nigeria Nathan Tella
83%
17 GK Czech Republic Matěj Kovář
80%
13 DF Brazil Arthur
70%
5 DF Spain Mario Hermoso
70%
11 FW France Martin Terrier
69%
23 DF France Nordi Mukiele
68%
16 MF Argentina Emiliano Buendía
65%
36 GK Germany Niklas Lomb
56%
44 DF France Jeanuël Belocian
48%
18 FW Argentina Alejo Sarco
36%
39 DF Togo Sadik Fofana
31%
47 MF Morocco Ayman Aourir
23%
No matching quizzes found
Score Distribution
Percent of People with Each Score
Percentile by Number Answered
Your Score History
You have not taken this quiz since the last reset